Pôsobnosť tretieho sektora v sociálnej oblasti bakalárska práca

Gespeichert in:
Bibliographische Detailangaben
1. Verfasser: Krahulcová, Jana
Körperschaft: Národohospodárska fakulta EU. Katedra sociálneho rozvoja a práce
Weitere Verfasser: Husáková, Mária
Format: Buch
Sprache:Slowakisch
Veröffentlicht: Bratislava 2013
Tags: Tag hinzufügen
Keine Tags, Fügen Sie das erste Tag hinzu!

MARC

LEADER 00000nbm a2200000 4500
001 0172661
005 20161109112109.1
041 0 |a slo 
044 |a SK 
245 1 0 |a Pôsobnosť tretieho sektora v sociálnej oblasti  |b bakalárska práca  |c Jana Krahulcová ; školiteľ: Mária Husáková 
264 1 |a Bratislava  |c 2013 
300 |a 45 s. 
100 1 |a Krahulcová, Jana 
700 1 |a Husáková, Mária 
710 2 |a Národohospodárska fakulta EU. Katedra sociálneho rozvoja a práce